00269nam a2200097Ia 4500008004100000082001500041100001700056245005400073260003500127300000900162210430s9999 xx 000 0 und d a546 A873 I aPeter Atkuns aShriver &Atkins Inorganic ChemistrycPeter Atkuns aCandabOxford universityc2006 a822p